NewsRadio Cast Quiz Stats

 Plays Quiz Updated Mar 17, 2020

     
Support Sporcle.
Go Orange.
Score 0/10 Timer 03:00
0 Plays Today
Actor Character % Correct
Dave FoleyDave Nelson
90.9%
Joe RoganJoe Garrelli
83.1%
Stephen RootJimmy James
80.4%
Phil HartmanBill McNeal
73.2%
Andy DickMatthew Brock
60.1%
Maura TierneyLisa Miller
59.9%
Vicki LewisBeth
47.1%
Khandi AlexanderCatherine Duke
40.5%
Patrick WarburtonJohnny Johnson
29.2%
Jon LovitzMax Lewis
26.1%

From the Vault

Count to 10 Word Ladder

by confused

Counting to 10 usually involves a few less steps.
Remove Ads.
Support Sporcle.
Get the best of Sporcle when you Go Orange. This ad-free experience offers more features, more stats, and more fun while also helping to support Sporcle. Thank you for becoming a member.

Show Comments

Extras

Top Quizzes Today


Score Distribution

Your Account Isn't Verified!

In order to create a playlist on Sporcle, you need to verify the email address you used during registration. Go to your Sporcle Settings to finish the process.

Report this User

Report this user for behavior that violates our Community Guidelines.

Details: